000
00299nam a22001337a 4500
008
171012b xxu||||| |||| 00| 0 eng d
020
_a
9780205444441
041
_a
eng
080
_2
6TH
_a
316
100
_a
50
101
_a
SOC
245
_a
ESSENTIALS OF SOCIOLOGY
_c
HENSLIN,J.M
942
_2
udc
_c
BK
999
_c
33470
_d
33470